Case Studies in Consumer Behavior (Record no. 85048)

MARC details
000 -LEADER
fixed length control field 00529nam a2200205Ia 4500
008 - FIXED-LENGTH DATA ELEMENTS--GENERAL INFORMATION
fixed length control field 230125s9999 xx 000 0 und d
020 ## - INTERNATIONAL STANDARD BOOK NUMBER
International Standard Book Number 8189410172
041 ## - LANGUAGE CODE
Language code of text/sound track or separate title eng
082 ## - DEWEY DECIMAL CLASSIFICATION NUMBER
Classification number 658.834
Item number ICF
100 ## - MAIN ENTRY--PERSONAL NAME
Personal name ICFAI
245 ## - TITLE STATEMENT
Title Case Studies in Consumer Behavior
260 ## - PUBLICATION, DISTRIBUTION, ETC. (IMPRINT)
Date of publication, distribution, etc. 2006
Name of publisher, distributor, etc. ICFAI publication
Place of publication, distribution, etc. Hyderabad
300 ## - PHYSICAL DESCRIPTION
Extent 194p
440 ## - SERIES STATEMENT/ADDED ENTRY--TITLE
Title ICFAI
500 ## - GENERAL NOTE
Keywords ICFAI Case Studies;Consumer behaviour
650 ## - SUBJECT ADDED ENTRY--TOPICAL TERM
Topical term or geographic name as entry element Marketing Management
700 ## - ADDED ENTRY--PERSONAL NAME
Personal name ICFAI
906 ## - LOCAL DATA ELEMENT F, LDF (RLIN)
b 112
Holdings
Withdrawn status Lost status Damaged status Not for loan Home library Current library Date acquired Vendor Cost, normal purchase price Bill number Total Checkouts Full call number Barcode Date last seen Cost, replacement price Bill Date Koha item type Original Barcode
        Smt. Hiraben Nanavati Institute of Management & Research for Women Smt. Hiraben Nanavati Institute of Management & Research for Women 05/10/2006 ICFAI press 750.00 INVOICE/MNIMR/094   658.834 ICF B05505 HIMR-BK-5505 25/01/2023 638.00 05/10/2006 Books B05505